LEGO Star Wars: Minifigures by Picture - Statistics

General Stats
  • This quiz has been taken 265 times
    98 since last reset
  • The average score is 122 of 363
Answer Stats
Picture Answer % Correct
Anakin Skywalker
90%
BB-8
89%
C-3PO
87%
Din Grogu
87%
Ahsoka Tano
84%
Boba Fett
84%
Chewbacca
84%
Din Djarin
84%
Dooku
83%
Han Solo
83%
Cad Bane
81%
Greedo
81%
Jango Fett
81%
CC-2224 "Cody"
80%
CT-7567 "Rex"
80%
Jabba Desilijic Tiure
80%
Jar Jar Binks
79%
Aayla Secura
77%
Asajj Ventress
77%
Leia Organa
77%
Maul
77%
Grievous
76%
Lando Calrissian
76%
Mace Windu
76%
Qui-Gon Jinn
76%
Sheev Palpatine
76%
Yoda
76%
FN-2187 "Finn"
74%
Gial Ackbar
74%
Kylo Ren
74%
Luke Skywalker
74%
Padmé Amidala Naberrie
74%
Rey
74%
Armitage Hux
73%
Kit Fisto
73%
Obi-Wan Kenobi
73%
Bossk'wassak'Cradossk
71%
Plo Koon
71%
Bib Fortuna
70%
Boushh
70%
Ki-Adi-Mundi
70%
Phasma
70%
R2-D2
70%
Pateesa
69%
Poe Dameron
69%
Bobarian Afol
67%
Bo-Katan Kryze
67%
Ezra Bridger
67%
Watto
67%
Bail Organa
66%
IG-88B
66%
Savage Opress
66%
4-LOM
64%
C1-10P "Chopper"
64%
Hera Syndulla
64%
Luminara Unduli
64%
Shaak Ti
64%
Barriss Offee
63%
Cal Kestis
63%
Fifth Brother
63%
Gonky
63%
CC-1004 "Gree"
61%
CT-27-5555 "Fives"
61%
Kanan Jarrus
61%
Susejo the Almighty Sarlacc
61%
CT-9902 "Tech"
60%
Gideon
60%
K-2SO
60%
Poggle the Lesser
60%
Snoke
60%
Thrawn
60%
Maz Kanata
59%
Nute Gunray
59%
Revan
59%
Sebulba
59%
Zam Wesell
59%
Aurra Sing
57%
Coleman Trebor
57%
CT-9903 "Wrecker"
57%
Mon Mothma
57%
Rose Tico
57%
CC-1010 "Fox"
56%
CC-3636 "Wolffe"
56%
CC-5052 "Bly"
56%
Embo
56%
Hondo Ohnaka
56%
Lobot
56%
Max Rebo
56%
Babu Frik
54%
Beru Lars
54%
CT-9901 "Hunter"
54%
Dengar
54%
Orson Krennic
54%
Pong Krell
54%
Sabine Wren
54%
Zeb Orrelios
54%
CT-9904 "Crosshair"
53%
Jyn Erso
53%
Quarsh Panaka
53%
Wicket Wystri Warrick
53%
Darth Malgus
51%
Eeth Koth
51%
Garindan ezz Zavor
51%
BB-9E
50%
Even Piell
50%
Fennec Shand
50%
Nien Nunb
50%
Amilyn Holdo
49%
IG-11
49%
Rotta the Huttlet
49%
Salacious B. Crumb
49%
Saw Gerrera
49%
CT-21-0408 "Echo"
47%
Lama Su
47%
Reva Sevander
47%
Starkiller
47%
The Armorer
47%
Zorii Bliss
47%
Gar Saxon
46%
Pre Vizsla
46%
Quinlan Vos
46%
Agen Kolar
44%
Biggs Darklighter
44%
CC-5576-39 "Gregor"
44%
Owen Lars
44%
Paz Vizsla
44%
Saesee Tiin
44%
Cassian Andor
43%
CC-1138 "Bacara"
43%
Darth Malak
43%
Grand Inquisitor
43%
Greef Karga
43%
Omega
43%
Oola
43%
Tarfful
43%
Cara Dune
41%
Chirrut Îmwe
41%
D-O
40%
Raymus Antilles
40%
BD-1
39%
Iden Versio
39%
Jek-14
39%
Wilhuff Tarkin
39%
Roos Tarpals
37%
Unkar Plutt
37%
Alexsandr Kallus
36%
Baylan Skoll
36%
CC-8826 "Neyo"
36%
Enfys Nest
36%
Galen Erso
36%
Jek Porkins
36%
Maximilian Veers
36%
Qi'ra
34%
Rowan Freemaker
34%
Baze Malbus
33%
Bodhi Rook
33%
Chirpa
33%
Stass Allie
33%
Taun We
33%
Zuckuss
33%
BD-72
31%
CT-0292 "Vaughn"
31%
Dedra Meero
31%
Figrin D'an
31%
Rako Hardeen
31%
Wullf Yularen
31%
Arvel Crynyd
30%
Hammer
30%
Marrok
30%
Onaconda Farr
30%
R0-GR "Roger"
30%
TZ-1719 "Jannah"
30%
Wedge Antilles
30%
Ap'Lek
29%
Cardo
29%
Cobb Vanth
29%
Huyang
29%
Kelleran Beq
29%
DJ
27%
Logray
27%
Lor San Tekka
27%
Luthen Rael
27%
TX-20
27%
CT-55/11-9009 "Jag"
26%
Kuiil
26%
Morgan Elsbeth
26%
Dak Ralter
24%
Jan Dodonna
24%
Kuruk
24%
Nahdar Vebb
24%
Quay Tolsite
24%
R4-P17
24%
Tobias Beckett
24%
Todo 360
24%
Vicrul
24%
CC-2237 "Odd Ball"
23%
CT-6910 "Razor"
23%
Firmus Piett
23%
LO-LA59
23%
Ponda Baba
23%
TC-14
23%
Cornelius Evazan
21%
Darth Dev
21%
Jace Malcom
21%
Jayfon
21%
Kordi Freemaker
21%
Paploo
21%
Shin Hati
21%
Trudgen
21%
Ushar
21%
Aldar Beedo
20%
Crix Madine
20%
Gasgano
20%
Jacen Syndulla
20%
Peli Motto
20%
Raddus
20%
Axe Woves
19%
Bistan
19%
Carlist Rieekan
19%
Gideon Hask
19%
K-3PO
19%
Sugi
19%
Ten Numb
19%
Thi-Sen
19%
Val
19%
Wald
19%
Zander Freemaker
19%
Enric Pryde
17%
Juno Eclipse
17%
QT-KT
17%
Ree-Yees
17%
Satele Shan
17%
Sig Greebling
17%
5D6-RA-7
16%
EV-9D9
16%
Jun Sato
16%
Koska Reeves
16%
L3-GO
16%
Paodok'Draba'Takat Sap'De'Rekti Nik'Linke'Ti' Ki'Vef'Nik'NeSevef'Li'Kek
16%
Quarrie
16%
R5-D4
16%
R5-D8
16%
Rae Sloane
16%
Rio Durant
16%
Antoc Merrick
14%
Boolio
14%
Elrik Vonreg
14%
Kithaba
14%
Naare
14%
Neel
14%
R2-Q5
14%
Shriv Suurgav
14%
Syril Karn
14%
Temmin "Snap" Wexley
14%
Bala-Tik
13%
FA-4
13%
Jod Na Nawood
13%
Kao Cen Darach
13%
Moroff
13%
R7-A7
13%
Tasu Leech
13%
Wuher
13%
Zev Senesca
13%
Beyta
11%
Cassio Tagge
11%
Conan Antonio Motti
11%
Fern
11%
Kaydel Ko Connix
11%
Malakili
11%
NED-B
11%
Nubs
11%
Pagetti Rook
11%
Paige Tico
11%
R-3PO
11%
Solitus
11%
SR-V0 "Servo"
11%
Turk Falso
11%
Garven "Dave" Dreis
10%
KB
10%
M-OC Hunter Droid
10%
Noga-Ta
10%
Rintel Aren
10%
TC-4
10%
Tokkat
10%
U-3PO
10%
Weazel
10%
Airen Cracken
9%
EV-A4-D
9%
Finch Dallow
9%
Jon "Dutch" Vander
9%
Kabe
9%
Kai Brightstar
9%
Lys Solay
9%
Moloch
9%
Momaw Nadon
9%
R1-J5 "Bucket"
9%
R2-Q2
9%
R4-P44
9%
Shahan Alama
9%
Theron Nett
9%
Vic Hawkins
9%
Wes Janson
9%
Wim
9%
Wullffwarro
9%
Bek
7%
Bren Derlin
7%
Caluan Ematt
7%
Kazuda Xiono
7%
Nash Durango
7%
Praji
7%
R3-M3
7%
R3-S1
7%
R4-G9
7%
R7-D4
7%
RA-7
7%
Tallissan "Tallie" Lintra
7%
Vane
7%
Crokind Shand
6%
DD-BD
6%
Edrison Peavey
6%
Griff Halloran
6%
Hrchek Kal Fas
6%
NI-L8
6%
Porter
6%
R1-G4
6%
R2-BHD
6%
R2-E6
6%
R2-X2
6%
R3-A2
6%
R3-D5
6%
R3-M2
6%
R3-T2
6%
R3-T6
6%
R5-A2
6%
R5-F7
6%
R5-J2
6%
R8-B7
6%
Rebolt
6%
RJ-83
6%
S1D6-SA-5
6%
Tala Durith
6%
Taslin Brance
6%
Tian Jerjerrod
6%
Toryn Farr
6%
Vi Moradi
6%
Vizam
6%
Wooof
6%
Yesi Scala
6%
Zuzanu Latt
6%
Dopheld Mitaka
4%
Goos Toower
4%
K3-R1
4%
Kardue'sai'Malloc
4%
Nix Jerd
4%
R2-R7
4%
R4-G0
4%
R4-P22
4%
U5-GG
4%
Will Scotian
4%
Antidar Williams
3%
Ledick Firest
3%
R4-D5
3%
T7-O1
3%
No matching quizzes found
Score Distribution
Percent of People with Each Score
Percentile by Number Answered
Your Score History
You have not taken this quiz since the last reset